|
|
|
|
| LEADER |
00000nam a2200000 a 4500 |
| 001 |
vtls001356262 |
| 003 |
SK-MaSNL |
| 005 |
20260301114942.0 |
| 008 |
240314s1974 HU a b 0 hun |
| 020 |
|
|
|c 5,00
|
| 035 |
|
|
|a SNK000309734
|
| 040 |
|
|
|a SNK
|b slo
|c SNK
|e AACR2
|
| 044 |
|
|
|a HU
|
| 080 |
|
|
|a 929 Angyal, B.:943.9-31
|2 1981
|
| 100 |
1 |
|
|a Dömötör, Sándor
|4 aut
|9 459180
|
| 245 |
1 |
0 |
|a Angyal Bandi a Hortobágyon
|c Dömötör Sándor
|
| 260 |
|
|
|a Debrecen
|b [s.n.]
|c 1972-74
|
| 300 |
|
|
|a S. 245-272
|c 23 cm
|
| 500 |
|
|
|a Odtlačok z: Mőveltség és Hagyomány 15-16
|
| 600 |
1 |
|
|a Angyal, Bandi
|d 1759-1806
|z Hortobágy (Maďarsko:oblasť)
|x vzťahy
|x odtlačky
|2 SNK
|9 459181
|
| 958 |
|
|
|a OND
|
| 999 |
|
|
|c 720374
|d 722304
|
| 952 |
|
|
|t P60, <04>, [BOOK], {604}
|a SNK
|b SNK
|y VYP
|7 0
|p 17A0181029
|o snkOIC 6617
|i snkK 523/99
|g 0.17
|0 0
|1 0
|4 0
|d 1999-02-26
|l 0
|r 2005-01-02 00:00:00
|w 2026-02-23
|